00513 2200181 4500001002100000005001500021035002000036008004100056245003800097100001900135250001000154260007800164300002900242020002200271082001000293650001200303084001600315INLIS00000000000063720210917100542 a0010-0921000038210917 0 ind 1 aSejarah Kelas X /cSari Oktafiana aSari Oktafiana aed 1. aJakarta :bKementrian Pendidikan, Kebudayaan, Riset, dan Teknologi,c2021 axii, 92 Halaman ;c25 Cm a978-602-244-555-5 a959.8 4aSejarah a959.8 SAR s